| 000 | 00842nam a22002657a 4500 | ||
|---|---|---|---|
| 999 |
_c20536 _d20536 |
||
| 005 | 20191030050339.0 | ||
| 008 | 191030b xxu||||| |||| 00| 0 spa d | ||
| 020 | _a9788968110856 | ||
| 040 |
_aCO-BoIAVH _cCO-BoIAVH |
||
| 041 | _aspa | ||
| 044 | _ako | ||
| 082 |
_a635.9373 _bB99b |
||
| 100 | _aByung-Yun, Sun | ||
| 245 |
_aBiodiversity of Cambodia: _bLycophytes and ferns. |
||
| 260 |
_aIncheon: _bNational Institute of Biological Resources, _bMinistry of Environment, _c2014. |
||
| 300 |
_a208 Páginas: _bfotografías, _c26 x 18 cm. |
||
| 490 | _aBiodiversity of Cambodia. | ||
| 650 | 0 | _aGuía Ilustrada | |
| 650 | 0 |
_aHelechos _x Taxonomía. |
|
| 650 | 0 | _aBiodiversidad | |
| 700 | _aChun, Hwang In | ||
| 700 | _aMyung-Ok, Moon | ||
| 700 | _aNang, Keth | ||
| 942 |
_2ddc _cLIBRO |
||